Statistics for All materials that you can make armour and tools with in Minecraft.

Click here to take the quiz!

General Stats

  • This quiz has been taken 5 times
    (3 since last reset)
  • The average score is 8 of 9

Answer Stats

Answer% Correct
Copper
100%
Diamond
100%
Gold
100%
Iron
100%
Leather
100%
Stone
100%
Wood
100%
Netherite
67%
Scute
33%

Score Distribution

Percentile by Number Answered

Percent of People with Each Score

Your Score History

You have not taken this quiz since the last reset